000
00324nam a22001337a 4500
008
181015b xxu||||| |||| 00| 0 eng d
020
_a
9780312387839
041
_a
eng
080
_a
070
100
_a
39
101
_a
MED
245
_a
Choices Connections an introduction to Communication
_c
Cornack,S.M
942
_2
udc
_c
BK
999
_c
49646
_d
49646